000 00299nam a22001337a 4500
020 _a0-7214-1914-3
082 _a823
_bTAY/B
100 _aTEYLOR, GERALDINE
245 _aBELLE & GERTIE
260 _aUK
_bLADYBIRD
520 _aENGLISH SHORT STORY
650 _aENGLISH SHORT STORY
_zUK
942 _cBK
999 _c4891
_d4891